Hindī ke rītikālīna-alaṅkāra-granthoṃ para Saṃskr̥ta kā prabhāva. (Record no. 68974)

MARC details
000 -LEADER
fixed length control field 00627cam a22002291 4500
001 - CONTROL NUMBER
control field sa 66003583
003 - CONTROL NUMBER IDENTIFIER
control field DLC
005 - DATE AND TIME OF LATEST TRANSACTION
control field 20260227112237.0
008 - FIXED-LENGTH DATA ELEMENTS--GENERAL INFORMATION
fixed length control field 890511s1964 ii b 000 0 hino
010 ## - LIBRARY OF CONGRESS CONTROL NUMBER
LC control number sa 66003583
035 ## - SYSTEM CONTROL NUMBER
System control number (OCoLC)19696333
040 ## - CATALOGING SOURCE
Original cataloging agency DLC
Transcribing agency WaU
Modifying agency DLC
042 ## - AUTHENTICATION CODE
Authentication code premarc
050 00 - LIBRARY OF CONGRESS CALL NUMBER
Classification number PK1939
Item number .J28
100 1# - MAIN ENTRY--PERSONAL NAME
Personal name Jain, Kundan Lal,
Dates associated with a name 1914-
245 10 - TITLE STATEMENT
Title Hindī ke rītikālīna-alaṅkāra-granthoṃ para Saṃskr̥ta kā prabhāva.
260 ## - PUBLICATION, DISTRIBUTION, ETC.
Date of publication, distribution, etc. 1964.
300 ## - PHYSICAL DESCRIPTION
Extent xvi, 395 p.
Dimensions 23 cm.
500 ## - GENERAL NOTE
General note In Hindi.
504 ## - BIBLIOGRAPHY, ETC. NOTE
Bibliography, etc. note Bibliography: p. 392-395.
650 #0 - SUBJECT ADDED ENTRY--TOPICAL TERM
Topical term or geographic name entry element Hindi language
General subdivision Rhetoric.

No items available.

Powered by Koha